Specifické aspekty výuky českého jazyka na středních školách u žáků se zrakovým postižením : učební text pro posluchače ČJ učitelství 2. a 3. stupně / Klára Eliášková
Record details
- ISBN: 978-80-7290-966-7
- Physical Description: 132 stran : ilustrace, faksimile ; 21 cm
- Publisher: Praha : Univerzita Karlova, Pedagogická fakulta, 2017
Content descriptions
| Bibliography, etc. Note: | Obsahuje bibliografii a bibliografické odkazy |
Search for related items by subject
| Genre: | učebnice vysokých škol textbooks (higher) |
Available copies
- 1 of 1 copy available at Common Catalog SPOK.
Holds
- 0 current holds with 1 total copy.
Show Only Available Copies
| Location | Call Number / Copy Notes | Barcode | Shelving Location | Status | Due Date |
|---|---|---|---|---|---|
| Jabok Library | PeS-5.3/E
Pořízeno z projektu Škola jako místo, kde se vzdělává a žije: CZ.07.4.68/0.0/0.0/16_037/0000325
|
424480040376 | Odborná literatura | Available | - |
| LDR | 02026nam a2200505 i 4500 | ||
|---|---|---|---|
| 001 | 30511 | ||
| 003 | CZ-PrJAB | ||
| 005 | 20180904142954.0 | ||
| 007 | ta | ||
| 008 | 180319s2017 xr ah e p 000 0 cze | ||
| 015 | . | ‡acnb002977937 | |
| 020 | . | ‡a978-80-7290-966-7 ‡q(brožováno) | |
| 035 | . | ‡a(CZ PrNK)nkc20182977937 | |
| 035 | . | ‡a(OCoLC)1031045539 | |
| 040 | . | ‡aABA001 ‡bcze ‡erda | |
| 072 | 7. | ‡a811.162.3 ‡xČeština ‡2Konspekt ‡911 | |
| 072 | 7. | ‡a37.016 ‡xUčební osnovy. Vyučovací předměty. Učebnice ‡2Konspekt ‡922 | |
| 080 | . | ‡a811.162.3 ‡2MRF | |
| 080 | . | ‡a81'24 ‡2MRF | |
| 080 | . | ‡a37.016.026 ‡2MRF | |
| 080 | . | ‡a373.5/.6+377.1/.3 ‡2MRF | |
| 080 | . | ‡a316.344.6-056.262 ‡2MRF | |
| 080 | . | ‡a(075.8) ‡2MRF | |
| 100 | 1 | . | ‡aEliášková, Klára ‡7ola2018987270 ‡4aut |
| 245 | 1 | 0. | ‡aSpecifické aspekty výuky českého jazyka na středních školách u žáků se zrakovým postižením : ‡bučební text pro posluchače ČJ učitelství 2. a 3. stupně / ‡cKlára Eliášková |
| 264 | 1. | ‡aPraha : ‡bUniverzita Karlova, Pedagogická fakulta, ‡c2017 | |
| 300 | . | ‡a132 stran : ‡bilustrace, faksimile ; ‡c21 cm | |
| 336 | . | ‡atext ‡btxt ‡2rdacontent | |
| 337 | . | ‡abez média ‡bn ‡2rdamedia | |
| 338 | . | ‡asvazek ‡bnc ‡2rdacarrier | |
| 504 | . | ‡aObsahuje bibliografii a bibliografické odkazy | |
| 650 | 0 | 7. | ‡ačeština ‡7ph135292 ‡2czenas |
| 650 | 0 | 7. | ‡ajazyková výuka ‡7ph162894 ‡2czenas |
| 650 | 0 | 7. | ‡apředmětová didaktika ‡7ph162893 ‡2czenas |
| 650 | 0 | 7. | ‡astřední školy ‡7ph116320 ‡2czenas |
| 650 | 0 | 7. | ‡aosoby se zrakovým postižením ‡7ph127686 ‡2czenas |
| 650 | 0 | 9. | ‡aCzech language ‡2eczenas |
| 650 | 0 | 9. | ‡alanguage teaching and learning ‡2eczenas |
| 650 | 0 | 9. | ‡ateaching school subjects ‡2eczenas |
| 650 | 0 | 9. | ‡asecondary schools ‡2eczenas |
| 650 | 0 | 9. | ‡apeople with visual disabilities ‡2eczenas |
| 655 | 7. | ‡aučebnice vysokých škol ‡7fd133772 ‡2czenas | |
| 655 | 9. | ‡atextbooks (higher) ‡2eczenas | |
| 910 | . | ‡aABG312 | |
| 901 | . | ‡a30511 ‡b ‡c30511 ‡tbiblio | |